UBT Library

Ecology and equity : (Record no. 42698)

000 -LEADER
fixed length control field 00832cam a2200253 a 4500
001 - CONTROL NUMBER
control field 1614106
005 - DATE AND TIME OF LATEST TRANSACTION
control field 20180215091218.0
008 - FIXED-LENGTH DATA ELEMENTS--GENERAL INFORMATION
fixed length control field 950125s1995 enka b 001 0 eng
010 ## - LIBRARY OF CONGRESS CONTROL NUMBER
LC control number 95005494
020 ## - INTERNATIONAL STANDARD BOOK NUMBER
International Standard Book Number 0415125235 :
Terms of availability $60.00
020 ## - INTERNATIONAL STANDARD BOOK NUMBER
International Standard Book Number 0415125243 :
Terms of availability $19.95
040 ## - CATALOGING SOURCE
Original cataloging agency DLC
Transcribing agency DLC
Modifying agency DLC
041 ## - LANGUAGE CODE
Language code of text/sound track or separate title eng
043 ## - GEOGRAPHIC AREA CODE
Geographic area code a-ii---
080 ## - UNIVERSAL DECIMAL CLASSIFICATION NUMBER
Universal Decimal Classification number 304.280954 GAD
082 00 - DEWEY DECIMAL CLASSIFICATION NUMBER
Classification number 304.280954 GAD
Edition number 20
100 1# - Rafti
Rafti 9
101 ## - Shkurtesa
Shkurtesa MJE
245 10 - TITLE STATEMENT
Title Ecology and equity :
Statement of responsibility, etc Madhav Gadgil and Ramachandra Guha.
504 ## - BIBLIOGRAPHY, ETC. NOTE
Bibliography, etc Includes bibliographical references and index.
906 ## - LOCAL DATA ELEMENT F, LDF (RLIN)
a 7
b cbu
c orignew
d 1
e ocip
f 19
g y-gencatlg
942 ## - ADDED ENTRY ELEMENTS (KOHA)
Source of classification or shelving scheme
Item type Books
Holdings
Withdrawn status Lost status Source of classification or shelving scheme Damaged status Not for loan Collection code Permanent location Current location Shelving location Date acquired Total Checkouts Full call number Barcode Date last seen Price effective from Koha item type
          Koleksioni i përgjithshem UBT - Lipjan UBT - Lipjan Koleksioni i përgjithshem 02/15/2018   304.280954 GAD 002-2998789 02/15/2018 02/15/2018 Books
UBT Library © 2015-2024. All rights reserved University Education for Business and Technology